| 000 | 00000nam##2200000za#4500 |
| 001 | 9.662360 |
| 003 | CaOODSP |
| 005 | 20220901164815 |
| 007 | ta |
| 008 | 150407|2000||||xxc||||| f|0| 0 fre|d |
| 020 | |a0-662-65368-8 |
| 040 | |aCaOODSP|bfre |
| 041 | |aeng |
| 041 | |afre |
| 043 | |an-cn--- |
| 086 | 1 |aJ2-174/2000 |
| 110 | 1 |aCanada.|bJustice Canada. |
| 245 | 13|aLe nouveau visage de l'emprisonnement avec sursis : |bcompte rendu du symposium |
| 260 | |aOttawa - Ontario : |bJustice Canada |c2000. |
| 300 | |aTexte français, iii, 96p. ; |c27 cm. |
| 500 | |aDonnées de catalogage avant publication (Canada) imprimées dans cette publication. |
| 546 | |aBilingue |
| 563 | |aCouverture souple |
| 590 | |a01-12|b2001-03-23 |
| 691 | 07|aDécision du tribunal|2gcpds |
| 691 | 07|aEmprisonnement|2gcpds |
| 776 | 0#|tLe nouveau visage de l'emprisonnement avec sursis : |w(CaOODSP)9.638309 |
| 776 | 0#|tThe changing face of conditional sentencing : |w(CaOODSP)9.694129 |
| 791 | |tThe changing face of conditional sentencing : |eeng|w(CaOODSP)9.662359 |